| 000 | 005560000a22001810004500 | ||
|---|---|---|---|
| 003 | MACL | ||
| 005 | 20160522125642.0 | ||
| 008 | 160522b xxu||||| |||| 00| 0 eng d | ||
| 040 |
_aMACL _cMACL |
||
| 041 | _aHindi | ||
| 082 | _a891.433 KAL | ||
| 100 |
_aकालिया, ममता _954978 |
||
| 245 |
_aबोलनेवाली औरत _cममता कालिया |
||
| 260 |
_bदिवि इंटरनेशनल _c1998 _aनई दिल्ली |
||
| 350 | _a80 | ||
| 650 |
_aStory _958751 |
||
| 942 |
_cHIN _k800/KAL/S _2ddc |
||
| 999 |
_c10885 _d10885 |
||